| 000 | 00969nam a22003012 4500 | ||
|---|---|---|---|
| 001 | 10012 | ||
| 003 | BD-RjUL | ||
| 005 | 20211208234858.0 | ||
| 008 | 140122t1964 enka 001 0 eng d | ||
| 035 | _a(BD-RjUL)10059 | ||
| 035 | _a(CStRLIN)ILCGHZ1981147-B | ||
| 040 |
_aITD _cITD _dWSU _dUKM _dCGU _dCStRLIN _dBD-RjUL _beng |
||
| 041 | _aeng | ||
| 082 | 0 | 4 |
_a519.72 _218 _bGEE 1964 |
| 100 | 1 |
_aGeary, R. C. _q(Robert Charles), _d1896- _97723 |
|
| 245 | 1 | 0 |
_aElements of linear programming : _bwith economic applications / _cR.C. Geary and M.D. McCarthy. |
| 260 |
_aLondon : _bGriffin, _cc1964. |
||
| 300 |
_a126 p. : _bill. ; _c22 cm. |
||
| 504 | _aIncludes index. | ||
| 650 | 0 |
_aLinear programming. _930909 |
|
| 650 | 0 |
_aEconomics, Mathematical. _930910 |
|
| 830 | 0 |
_vno. 15 _930920 |
|
| 700 | 1 |
_aMcCarthy, M. D. _930912 |
|
| 700 | 1 |
_aKendall, M. G. _930913 |
|
| 830 | 0 |
_aGriffin's statistical monographs & courses ; _930921 |
|
| 942 |
_2ddc _cBK |
||
| 999 |
_c10012 _d10012 |
||